[Event "4NCL/Div3/ICENI vs. GUI5"]
[Site "Sunningdale ENG"]
[Date "2008.10.18"]
[Round "1.6"]
[White "Albrecht, Theo"]
[Black "Botham, Paul"]
[Result "1/2-1/2"]
[WhiteElo "1840"]
[BlackElo "2036"]
[PlyCount "55"]
[EventDate "2008.10.18"]
[SourceDate "2008.10.04"]

1. e4 Nf6 2. d3 e5 3. Nf3 Nc6 4. c3 Be7 5. Be2 O-O 6. O-O h6 7. b4 a6 8. a4 d6
9. Na3 Re8 10. Nc4 Bf8 11. Ne3 g6 12. Bd2 Bd7 13. c4 Nd4 14. Nxd4 exd4 15. Nc2
c5 16. b5 Qc7 17. f4 Bg7 18. Ne1 Ra7 19. Qb1 axb5 20. axb5 b6 21. Rxa7 Qxa7 22.
Nc2 Bg4 23. Bxg4 Nxg4 24. Qa1 Ra8 25. Qxa7 Rxa7 26. Ra1 Rxa1+ 27. Nxa1 Nf6 28.
Nc2 1/2-1/2

[Event "4NCL/Div3/CELT2 vs. SSC"]
[Site "Sunningdale ENG"]
[Date "2008.10.18"]
[Round "1.1"]
[White "Evans, Craig"]
[Black "Graham, David B"]
[Result "0-1"]
[WhiteElo "2037"]
[BlackElo "2209"]
[PlyCount "56"]
[EventDate "2008.10.18"]
[SourceDate "2008.10.04"]

1. d4 Nf6 2. c4 g6 3. Nc3 Bg7 4. e4 d6 5. Be2 O-O 6. g4 e5 7. d5 c6 8. g5 Ne8
9. Be3 f5 10. gxf6 Nxf6 11. h4 cxd5 12. cxd5 Qa5 13. Qd2 Bg4 14. h5 Bxh5 15.
Bxh5 Nxh5 16. Nh3 Nd7 17. Ng5 Nb6 18. Rxh5 gxh5 19. Ne6 Nc4 20. Qe2 Nxe3 21.
Qxe3 Rf4 22. O-O-O Bh6 23. Rg1+ Kh8 24. Kc2 Rf6 25. Qe2 Qb6 26. Rg2 Rg8 27. Rh2
Rg1 28. f4 Bxf4 0-1

[Event "4NCL/Div3/CELT2 vs. SSC"]
[Site "Sunningdale ENG"]
[Date "2008.10.18"]
[Round "1.2"]
[White "Salimbeni, George"]
[Black "Fathallah, Joe"]
[Result "1-0"]
[WhiteElo "2103"]
[BlackElo "1976"]
[PlyCount "79"]
[EventDate "2008.10.18"]
[SourceDate "2008.10.04"]

1. e4 e6 2. d4 d5 3. Nd2 Nf6 4. e5 Nfd7 5. Bd3 c5 6. c3 Nc6 7. Ne2 Qb6 8. Nf3
cxd4 9. cxd4 Bb4+ 10. Bd2 Bxd2+ 11. Qxd2 Qb4 12. Rc1 Qxd2+ 13. Nxd2 Nb6 14. a3
Bd7 15. O-O O-O 16. b4 a5 17. b5 Na7 18. Nc3 Rfc8 19. a4 Rc7 20. Nb3 Rac8 21.
Nc5 Na8 22. Ne2 b6 23. Nxd7 Rxd7 24. f4 Rxc1 25. Nxc1 g6 {=} 26. g4 Nc7 27. f5
Ne8 28. Ne2 Rc7 29. h4 Ng7 30. h5 gxf5 31. h6 fxg4 32. hxg7 Nc8 33. Rf4 h5 34.
Rf6 Kxg7 35. Nf4 Rc1+ 36. Kg2 h4 37. Nh5+ Kg8 38. Rh6 Ra1 39. Nf6+ Kg7 40. Rh7+
1-0

[Event "4NCL/Div3/CELT2 vs. SSC"]
[Site "Sunningdale ENG"]
[Date "2008.10.18"]
[Round "1.3"]
[White "Kitchen, Peter J"]
[Black "Fryer, David W"]
[Result "0-1"]
[WhiteElo "1895"]
[BlackElo "2072"]
[PlyCount "80"]
[EventDate "2008.10.18"]
[SourceDate "2008.10.04"]

1. e4 e5 2. Nf3 Nc6 3. Bb5 a6 4. Ba4 Nf6 5. O-O b5 6. Bb3 Nxe4 7. d4 d5 8. dxe5
Be6 9. Be3 Be7 10. c3 O-O 11. Nbd2 Nc5 12. Bc2 Nd7 13. Nb3 g6 14. Re1 Re8 15.
Bf4 Na7 16. Nfd4 Nf8 17. Qf3 Qd7 18. Qg3 c5 19. Nxe6 Nxe6 20. h4 Nxf4 21. Qxf4
Qe6 22. h5 Nc6 23. hxg6 fxg6 24. Re3 Rf8 25. Qh2 Rf7 26. Rae1 Rg7 27. f4 c4 28.
Nd4 Nxd4 29. cxd4 Rf8 30. Rf1 Bd8 31. Ref3 Bb6 32. Rd1 Bxd4+ 33. Kh1 Bxb2 34.
Rb1 Bd4 35. Qg3 Bc5 36. a3 d4 37. Qe1 Kh8 38. Qe4 d3 39. Bd1 Rd7 40. g3 Qh3#
0-1

[Event "4NCL/Div3/CELT2 vs. SSC"]
[Site "Sunningdale ENG"]
[Date "2008.10.18"]
[Round "1.4"]
[White "Grant, David"]
[Black "Price, Michael C"]
[Result "1-0"]
[WhiteElo "2014"]
[BlackElo "1915"]
[PlyCount "43"]
[EventDate "2008.10.18"]
[SourceDate "2008.10.04"]

1. e4 c5 2. Nf3 d6 3. Bb5+ Bd7 4. a4 Nc6 5. c3 Nf6 6. Qe2 a6 7. Bc4 e6 8. O-O
Be7 9. d4 O-O 10. e5 Nd5 11. dxc5 dxe5 12. b4 Qc7 13. Rd1 Nf4 14. Bxf4 exf4 15.
Nbd2 Kh8 16. Ne4 f5 17. Nd6 Rf6 18. Ng5 Nd8 19. Qh5 h6 20. Rd3 Kg8 21. Ne8 hxg5
22. Nxc7 1-0

[Event "4NCL/Div3/CELT2 vs. SSC"]
[Site "Sunningdale ENG"]
[Date "2008.10.18"]
[Round "1.5"]
[White "Buttell, David"]
[Black "Michaud, Gerald"]
[Result "0-1"]
[WhiteElo "1755"]
[BlackElo "2052"]
[PlyCount "104"]
[EventDate "2008.10.18"]
[SourceDate "2008.10.04"]

1. d4 e6 2. c4 Nf6 3. Nf3 b6 4. g3 Bb7 5. Bg2 Be7 6. O-O O-O 7. e3 d6 8. b3
Nbd7 9. Bb2 c5 10. Nbd2 Rc8 11. Re1 Ne4 12. Nxe4 Bxe4 13. Nd2 Bxg2 14. Kxg2 Bf6
15. Ne4 Be7 16. dxc5 dxc5 17. f4 f5 18. Nf2 Bf6 19. Qc2 Qc7 20. Bxf6 Nxf6 21.
Qe2 Rfd8 22. Rad1 Qc6+ 23. Qf3 Qxf3+ 24. Kxf3 h5 25. h3 Kf8 26. e4 g6 27. e5
Ng8 28. Rxd8+ Rxd8 29. Rd1 Ke8 30. Ke2 Ne7 31. Rxd8+ Kxd8 32. Kd3 Nc6 33. a3 a5
34. Kc3 Nd4 35. Kb2 Ne2 36. Nh1 h4 37. gxh4 Nxf4 38. Nf2 Ng2 39. h5 gxh5 40.
Kc3 Nf4 41. Kd2 Kc7 42. a4 Kd7 43. Ke3 Ng6 44. Nd3 Ke7 45. Nf4 Nxe5 46. Nxh5
Ng6 47. Kf2 Kf7 48. Ng3 Kf6 49. Ne2 f4 50. Kf3 Kf5 51. Nc3 Ne5+ 52. Ke2 Nc6 0-1

[Event "4NCL/Div3/CELT2 vs. SSC"]
[Site "Sunningdale ENG"]
[Date "2008.10.18"]
[Round "1.6"]
[White "Payne, Matthew"]
[Black "Kitchen, Michael J"]
[Result "1-0"]
[WhiteElo "1865"]
[BlackElo "1715"]
[PlyCount "57"]
[EventDate "2008.10.18"]
[SourceDate "2008.10.04"]

1. e4 e6 2. d4 d5 3. Nc3 Nf6 4. Bg5 Be7 5. e5 Nfd7 6. Bxe7 Qxe7 7. f4 a6 8. Nf3
c5 9. Bd3 c4 10. Be2 Nc6 11. O-O f6 12. f5 Nf8 13. fxe6 Bxe6 14. b3 b5 15. bxc4
bxc4 16. Na4 Nd7 17. exf6 gxf6 18. Bxc4 Kd8 19. Bd3 Rg8 20. Kh1 Qg7 21. Rg1 Ne7
22. Qe2 Bf7 23. Bxa6 Nf5 24. Qb5 Nd6 25. Qa5+ Ke7 26. Rae1+ Be6 27. Qxd5 Ne5
28. Qa5 Nc6 29. Qc7+ 1-0

[Event "4NCL/Div3/FCA2 vs. LIT2"]
[Site "Sunningdale ENG"]
[Date "2008.10.18"]
[Round "1.1"]
[White "Smith, Graham"]
[Black "Compton, Alistair"]
[Result "1-0"]
[WhiteElo "2085"]
[BlackElo "2088"]
[PlyCount "95"]
[EventDate "2008.10.18"]
[SourceDate "2008.10.04"]

1. e4 e6 2. b3 d5 3. Bb2 Nf6 4. e5 Ng8 5. Nf3 b6 6. d4 Ba6 7. Bxa6 Nxa6 8. Qe2
Qc8 9. O-O c6 10. c4 Nc7 11. a3 Nh6 12. Rc1 Qd7 13. cxd5 Nxd5 14. Qc4 Rc8 15.
Nc3 Be7 16. Ne4 O-O 17. b4 f5 18. exf6 gxf6 19. Rc2 Nf5 20. Re1 Rfe8 21. Kh1
Nd6 22. Qd3 Nxe4 23. Rxe4 Bd6 24. Bc1 f5 25. Rh4 Nf6 26. Bh6 Ne4 27. Re2 Kh8
28. Rexe4 fxe4 29. Qxe4 e5 30. g3 Qf7 31. dxe5 Be7 32. Ng5 Bxg5 33. Bxg5 Qd5
34. Rxh7+ Kg8 35. Qxd5+ cxd5 36. Rxa7 Rxe5 37. Be3 Re6 38. Rb7 Rcc6 39. Bd4
Rcd6 40. Kg2 Kf8 41. h4 Ke8 42. f3 Kd8 43. g4 Kc8 44. Rf7 Re2+ 45. Kg3 Rd2 46.
Rf4 Rc6 47. h5 Rcc2 48. Bxb6 1-0

[Event "4NCL/Div3/FCA2 vs. LIT2"]
[Site "Sunningdale ENG"]
[Date "2008.10.18"]
[Round "1.2"]
[White "Jackson, James P"]
[Black "Kendall, Paul S N"]
[Result "1/2-1/2"]
[WhiteElo "2017"]
[BlackElo "2062"]
[PlyCount "92"]
[EventDate "2008.10.18"]
[SourceDate "2008.10.04"]

1. e4 e5 2. Nf3 Nc6 3. Bb5 a6 4. Ba4 Nf6 5. O-O Be7 6. Re1 b5 7. Bb3 O-O 8. h3
d6 9. c3 Na5 10. Bc2 c5 11. d4 Qc7 12. Nbd2 cxd4 13. cxd4 Nc6 14. d5 Nb4 15.
Bb1 a5 16. Nf1 Bd7 17. a3 Na6 18. Ng3 Rfc8 19. Be3 Bd8 20. Bd3 Qb8 21. Qe2 Nc5
22. Rac1 Nxd3 23. Qxd3 b4 {=} 24. Nd2 Bb6 25. Rxc8+ Bxc8 26. Rc1 Ba6 27. Qb3
Bxe3 28. Qxe3 Qd8 29. Rc6 Bb7 30. Rc4 Ba6 31. Rc6 Bb7 32. Rc1 Ba6 33. Ndf1 h6
34. axb4 axb4 35. Qb3 Rb8 36. Ne3 Nd7 37. Nef5 Nc5 38. Qf3 Bc8 39. Ra1 Bxf5 40.
Nxf5 Kh7 41. Ra7 Rb7 42. Rxb7 Nxb7 43. Qb3 Qa5 {=} 44. Ne7 Qc5 45. g3 g6 46.
Nc6 Na5 1/2-1/2

[Event "4NCL/Div3/FCA2 vs. LIT2"]
[Site "Sunningdale ENG"]
[Date "2008.10.18"]
[Round "1.3"]
[White "Elwin, Adrian G"]
[Black "Jones, Christopher M"]
[Result "1/2-1/2"]
[WhiteElo "2015"]
[BlackElo "1947"]
[PlyCount "54"]
[EventDate "2008.10.18"]
[SourceDate "2008.10.04"]

1. d4 d5 2. c4 e5 3. dxe5 d4 4. Nf3 Nc6 5. g3 Nge7 6. Bg2 Ng6 7. Bg5 Be7 8.
Bxe7 Ngxe7 9. Na3 Be6 10. b3 Qd7 11. Nc2 Rd8 12. O-O Ng6 13. Nce1 Ncxe5 14.
Nxe5 Nxe5 15. Nd3 Nxd3 16. exd3 O-O 17. Re1 Rfe8 18. Be4 Bf5 19. Qf3 Bxe4 20.
Rxe4 c6 21. Rae1 Kf8 22. Qh5 Rxe4 23. Rxe4 Kg8 24. Qe5 f5 25. Qe6+ Qxe6 26.
Rxe6 Kf7 27. Re5 g6 1/2-1/2

[Event "4NCL/Div3/FCA2 vs. LIT2"]
[Site "Sunningdale ENG"]
[Date "2008.10.18"]
[Round "1.4"]
[White "Gibson, Christopher A"]
[Black "Valentine, Brian J"]
[Result "1-0"]
[WhiteElo "1949"]
[BlackElo "1995"]
[PlyCount "65"]
[EventDate "2008.10.18"]
[SourceDate "2008.10.04"]

1. d4 d5 2. c4 c6 3. Nf3 Nf6 4. Nc3 dxc4 5. a4 Bf5 6. e3 e6 7. Bxc4 Bb4 8. O-O
O-O 9. Nh4 Bg4 10. f3 Bh5 11. g4 Nfd7 12. Ng2 Nb6 13. Bxe6 fxe6 14. gxh5 Na6
15. e4 Qe7 16. Be3 Nc4 17. Qb3 Nxe3 18. Nxe3 Kh8 19. Kh1 Rae8 20. Ng4 {=} Qg5
21. Na2 c5 22. Nxb4 cxb4 23. h6 gxh6 24. Ne5 Re7 {=} 25. Rg1 Qd2 26. Rad1 Qf4
27. Rg4 Qf6 28. Rdg1 Rc8 29. Qe3 Rec7 30. Rg6 hxg6 31. Qxh6+ Rh7 32. Nxg6+ Kg8
33. Ne5+ 1-0

[Event "4NCL/Div3/FCA2 vs. LIT2"]
[Site "Sunningdale ENG"]
[Date "2008.10.18"]
[Round "1.5"]
[White "Adebajo, Femi"]
[Black "Jaszkiwskyj, Peter"]
[Result "1-0"]
[WhiteElo "2014"]
[BlackElo "2020"]
[PlyCount "59"]
[EventDate "2008.10.18"]
[SourceDate "2008.10.04"]

1. e4 e5 2. Nf3 Nc6 3. Bb5 a6 4. Bxc6 dxc6 5. O-O Bg4 6. h3 h5 7. d4 Bxf3 8.
Qxf3 Qxd4 9. Nc3 Qd7 10. Rd1 Bd6 11. Na4 O-O-O 12. Bg5 f6 13. Be3 Qe6 14. b3 g5
15. Qe2 Ne7 16. c4 Ng6 17. Bc5 g4 18. Bxd6 cxd6 19. h4 Nxh4 20. Qe3 Kb8 21.
Rdc1 Qd7 22. b4 Qc7 23. b5 c5 24. bxa6 bxa6 25. Rab1+ Ka7 26. Nb6 Rb8 27. Nd5
Qf7 28. Qa3 f5 29. Qa5 Rxb1 30. Rxb1 1-0

[Event "4NCL/Div3/FCA2 vs. LIT2"]
[Site "Sunningdale ENG"]
[Date "2008.10.18"]
[Round "1.6"]
[White "Stokes, Paul"]
[Black "Matthews, Adrian"]
[Result "1-0"]
[WhiteElo "1975"]
[BlackElo "1928"]
[PlyCount "99"]
[EventDate "2008.10.18"]
[SourceDate "2008.10.04"]

1. Nf3 c5 2. g3 Nf6 3. c4 g6 4. Bg2 Bg7 5. Nc3 Nc6 6. O-O O-O 7. a3 d5 8. cxd5
Nxd5 9. Nxd5 Qxd5 10. d3 Qd6 11. Rb1 a5 12. a4 Rd8 13. Nd2 Qc7 14. Nc4 e5 15.
Bd2 Be6 16. b3 Bxc4 17. bxc4 Nb4 18. Qb3 Ra6 19. Bc3 Rad6 20. Qb2 Re8 21. f4
Qe7 22. Rf2 f6 23. fxe5 fxe5 24. Rbf1 Qg5 25. Bxb7 Qe3 26. Kh1 Rb6 27. Rf3 Qg5
28. Be4 Reb8 29. Qd2 Qxd2 30. Bxd2 Nc2 31. Bxa5 Ra6 32. Bc3 Rxa4 33. Bd5+ Kh8
34. e4 Ra3 35. Bd2 Nd4 36. Rf7 Rxd3 37. Bg5 Nb3 38. Rc7 Nd2 39. Rd1 Nxe4 40.
Rxd3 Nf2+ 41. Kg2 Nxd3 42. Kf3 Rf8+ 43. Ke3 Nb4 44. Rxc5 h6 45. Be7 Nxd5+ 46.
cxd5 Ra8 47. d6 Bf8 48. Bxf8 Rxf8 49. d7 Kg7 50. Rc8 1-0

[Event "4NCL/Div3/WWKS2 vs. LIT1"]
[Site "Sunningdale ENG"]
[Date "2008.10.18"]
[Round "1.1"]
[White "Webster, Paul"]
[Black "Smith, Andrew P"]
[Result "1/2-1/2"]
[WhiteElo "2095"]
[BlackElo "2191"]
[PlyCount "49"]
[EventDate "2008.10.18"]
[SourceDate "2008.10.04"]

1. d4 Nf6 2. Nf3 g6 3. g3 Bg7 4. Bg2 O-O 5. O-O d5 6. Na3 Bf5 7. c4 Be4 8. b3
c5 9. Bb2 cxd4 10. Bxd4 Nc6 11. Bb2 dxc4 12. Nxc4 Qxd1 13. Rfxd1 Rfd8 14. Ncd2
Bd5 15. Nf1 a5 16. Ne3 Be4 17. Nd4 Bxg2 18. Kxg2 Nxd4 19. Bxd4 a4 20. Bb6 Rd7
21. Rac1 axb3 22. axb3 h5 23. Bc5 Rc8 24. Bb4 Rxc1 25. Rxc1 1/2-1/2

[Event "4NCL/Div3/WWKS2 vs. LIT1"]
[Site "Sunningdale ENG"]
[Date "2008.10.18"]
[Round "1.2"]
[White "Byron, Alan M"]
[Black "Fallowfield, Nicholas"]
[Result "1/2-1/2"]
[WhiteElo "2204"]
[BlackElo "2060"]
[PlyCount "42"]
[EventDate "2008.10.18"]
[SourceDate "2008.10.04"]

1. c4 Nc6 2. Nc3 e5 3. g3 f5 4. Bg2 Nf6 5. d3 Bc5 6. e3 O-O 7. Nge2 d6 8. O-O
Qe8 9. a3 a5 10. Rb1 Qh5 11. Nd5 Nxd5 12. cxd5 Ne7 13. d4 exd4 14. exd4 Bb6 15.
h4 a4 16. Bg5 Re8 17. Qd3 Qf7 18. Bxe7 Rxe7 19. Nf4 Qf6 20. Rfd1 g6 21. Bf3 Bd7
1/2-1/2

[Event "4NCL/Div3/WWKS2 vs. LIT1"]
[Site "Sunningdale ENG"]
[Date "2008.10.18"]
[Round "1.3"]
[White "Fallowfield, Jeremy"]
[Black "Weeks, Manuel"]
[Result "1/2-1/2"]
[WhiteElo "2006"]
[BlackElo "2174"]
[PlyCount "41"]
[EventDate "2008.10.18"]
[SourceDate "2008.10.04"]

1. e4 c5 2. Nc3 Nc6 3. Bb5 Nd4 4. Bc4 g6 5. Nf3 Bg7 6. O-O d6 7. Nxd4 cxd4 8.
Qf3 Nh6 9. Ne2 O-O 10. c3 Qc7 11. Bb3 Ng4 12. h3 Ne5 13. Qg3 Nc6 14. Nxd4 Nxd4
15. cxd4 Bxd4 16. d3 Bg7 17. Qh4 b6 18. Bh6 Ba6 19. Rac1 Qd7 20. Bxg7 Kxg7 21.
Bc4 1/2-1/2

[Event "4NCL/Div3/WWKS2 vs. LIT1"]
[Site "Sunningdale ENG"]
[Date "2008.10.18"]
[Round "1.4"]
[White "Sugden, John N"]
[Black "Stepanyan, Henrik"]
[Result "1-0"]
[WhiteElo "2173"]
[BlackElo "1975"]
[PlyCount "121"]
[EventDate "2008.10.18"]
[SourceDate "2008.10.04"]

1. e4 e5 2. Nf3 Nc6 3. Bb5 Nf6 4. O-O Nxe4 5. d4 Nd6 6. Bxc6 dxc6 7. dxe5 Nf5
8. Qxd8+ Kxd8 9. b3 Ke8 10. Bb2 h6 11. Nbd2 Be6 12. Ne4 Bd5 13. Rfe1 Rd8 14.
Rad1 Bb4 15. c3 Be7 16. c4 Be6 17. h3 a6 18. Kf1 Bb4 19. Rxd8+ Kxd8 20. Rd1+
Kc8 21. a3 Be7 22. g4 Nh4 23. Nxh4 Bxh4 24. f4 g6 25. Nc5 Bg3 26. Bc1 Bh4 27.
Ke2 Re8 28. Kf3 Be7 29. Nxe6 fxe6 30. Ke4 b5 31. a4 bxc4 32. bxc4 c5 33. f5
gxf5+ 34. gxf5 exf5+ 35. Kxf5 h5 36. Kg6 Bd8 37. Re1 h4 38. e6 Rg8+ 39. Kf7 Rg3
40. e7 Bxe7 41. Kxe7 Rxh3 42. Ke6 Rd3 43. Be3 Rd6+ 44. Ke5 Rd8 45. Rh1 Re8+ 46.
Kf4 Rf8+ 47. Ke4 Rh8 48. Rh3 Re8+ 49. Kd3 Rd8+ 50. Kc3 Rg8 51. Bxc5 a5 52. Rxh4
Rg3+ 53. Kd4 Rg1 54. Rh3 Rd1+ 55. Kc3 Kb7 56. Ba3 Ra1 57. Kb3 Rb1+ 58. Bb2 Rg1
59. Rh5 Rg3+ 60. Bc3 Kb6 61. Rb5+ 1-0

[Event "4NCL/Div3/WWKS2 vs. LIT1"]
[Site "Sunningdale ENG"]
[Date "2008.10.18"]
[Round "1.5"]
[White "Weaving, Richard"]
[Black "Mansson, James C"]
[Result "1/2-1/2"]
[WhiteElo "1950"]
[BlackElo "2160"]
[PlyCount "55"]
[EventDate "2008.10.18"]
[SourceDate "2008.10.04"]

1. e4 c5 2. c3 Nf6 3. e5 Nd5 4. d4 cxd4 5. cxd4 e6 6. Nf3 d6 7. Bc4 Nb6 8. Bd3
Nc6 9. a3 Bd7 10. O-O dxe5 11. dxe5 Ne7 12. Nc3 Ned5 13. Ne4 Bc6 14. Bg5 Qc7
15. Rc1 h6 16. Bd2 Nd7 17. Re1 Be7 18. b4 a6 19. Qb3 Qb6 20. Rc2 O-O 21. Rb1
Rfd8 22. a4 Nf8 23. a5 Qa7 24. Rbc1 Ng6 25. b5 axb5 26. Bxb5 Bxb5 27. Qxb5 b6
28. axb6 1/2-1/2

[Event "4NCL/Div3/WWKS2 vs. LIT1"]
[Site "Sunningdale ENG"]
[Date "2008.10.18"]
[Round "1.6"]
[White "Edwards, Alan"]
[Black "Stepanyan, Astghik"]
[Result "1-0"]
[WhiteElo "2085"]
[BlackElo "1775"]
[PlyCount "105"]
[EventDate "2008.10.18"]
[SourceDate "2008.10.04"]

1. e4 c5 2. c3 d5 3. exd5 Qxd5 4. d4 Nf6 5. Nf3 Bg4 6. Be2 e6 7. O-O Nc6 8. Na3
a6 9. Nc2 Bh5 10. Be3 cxd4 11. Ncxd4 Be7 12. Nxc6 bxc6 13. c4 Qxd1 14. Rfxd1 c5
15. h3 O-O 16. Kf1 Rab8 17. b3 Ne4 18. g4 Bg6 19. Ne5 Bf6 20. Nxg6 hxg6 21.
Rac1 Nc3 22. Rd2 Rfd8 23. Rdc2 Nxe2 24. Kxe2 Bd4 25. Bxd4 Rxd4 26. Rd1 Rbd8 27.
Rxd4 Rxd4 28. Rd2 Rxd2+ 29. Kxd2 Kf8 30. Kc3 a5 31. a3 Ke7 32. b4 axb4+ 33.
axb4 cxb4+ 34. Kxb4 Kd7 35. Kc5 Kc7 36. f4 f6 37. Kb5 f5 38. Kc5 g5 39. fxg5 f4
40. Kd4 Kc6 41. h4 e5+ 42. Ke4 Kc5 43. h5 Kxc4 44. h6 gxh6 45. gxh6 Kc3 46. h7
Kd2 47. h8=Q Ke2 48. Qxe5 f3 49. Qf4 f2 50. g5 f1=Q 51. Qxf1+ Kxf1 52. g6 Ke1
53. g7 1-0

[Event "4NCL/Div3/KJCAK vs. WRO2"]
[Site "Sunningdale ENG"]
[Date "2008.10.18"]
[Round "1.1"]
[White "Jones, William"]
[Black "Anthony, Gareth"]
[Result "0-1"]
[WhiteElo "2010"]
[BlackElo "2210"]
[PlyCount "94"]
[EventDate "2008.10.18"]
[SourceDate "2008.10.04"]

1. e4 c5 2. Nf3 Nc6 3. d4 cxd4 4. Nxd4 Nf6 5. Nc3 e5 6. Ndb5 d6 7. Bg5 a6 8.
Na3 b5 9. Nd5 Be7 10. Bxf6 Bxf6 11. c3 O-O 12. Nc2 Bg5 13. a4 bxa4 14. Rxa4 a5
15. Bc4 Rb8 16. Ra2 g6 17. Nce3 Kh8 18. h4 Bxh4 19. g3 Bg5 20. f4 exf4 21. gxf4
Bh4+ 22. Kf1 f5 23. b4 fxe4 24. Rah2 g5 25. Kg2 Rb7 26. b5 Rg7 27. f5 Ne5 28.
f6 Rxf6 29. Nxf6 Qxf6 30. Rf1 Nf3 31. Rxf3 Qxf3+ 32. Qxf3 exf3+ 33. Kxf3 g4+
34. Ke4 Re7+ 35. Kd3 Bg5 36. Re2 Rxe3+ 37. Rxe3 Bxe3 38. Kxe3 Bb7 39. Kf4 h5
40. Be6 Kg7 41. Bb3 Kf6 42. Bc2 Ke7 43. c4 Kd8 44. b6 Bc6 45. Bf5 a4 46. Bc2 a3
47. Bb3 Kc8 0-1

[Event "4NCL/Div3/KJCAK vs. WRO2"]
[Site "Sunningdale ENG"]
[Date "2008.10.18"]
[Round "1.2"]
[White "Shaw, Peter"]
[Black "Jones, Victor"]
[Result "1-0"]
[WhiteElo "2124"]
[BlackElo "1991"]
[PlyCount "133"]
[EventDate "2008.10.18"]
[SourceDate "2008.10.04"]

1. d4 Nf6 2. c4 c5 3. d5 e6 4. Nc3 exd5 5. cxd5 d6 6. Nf3 g6 7. g3 Bg7 8. Bg2
O-O 9. O-O b6 10. Nd2 Ba6 11. a4 Re8 12. Re1 Nbd7 13. Nb5 Ne5 14. f4 Neg4 15.
e4 Qd7 16. h3 Bxb5 17. axb5 Nxe4 18. Rxe4 Bd4+ 19. Rxd4 Ne3 20. Qa4 cxd4 21.
Ne4 Rxe4 22. Bxe4 Qxh3 23. Bxe3 Qxg3+ 24. Bg2 dxe3 25. Qe4 Qf2+ 26. Kh2 e2 27.
f5 gxf5 28. Qe7 f4 29. Kh1 f6 30. Qe6+ Kg7 31. Qe7+ Kg8 32. Rg1 e1=Q 33. Rxe1
Qh4+ 34. Kg1 Qg3 35. Qe6+ Kg7 36. Qd7+ Kh8 37. Re7 Qg6 38. Qh3 Rg8 39. Qf3 Qb1+
40. Kh2 Qf5 41. Rxa7 Rg3 42. Qe2 Re3 43. Qf2 Qg4 44. Ra3 Re2 45. Qf3 Qxf3 46.
Rxf3 Rxb2 47. Rxf4 Kg7 48. Re4 Rxb5 49. Re6 Kg6 50. Kg3 Kg5 51. Rxd6 h5 52. Re6
Rb3+ 53. Kf2 b5 54. d6 h4 55. Re3 Rb2+ 56. Re2 Rb4 57. Rd2 Rf4+ 58. Ke3 h3 59.
Bxh3 Rh4 60. Rd5+ f5 61. d7 Rxh3+ 62. Kf2 Rh8 63. d8=Q+ Rxd8 64. Rxd8 b4 65.
Rb8 Kg4 66. Rxb4+ f4 67. Ra4 1-0

[Event "4NCL/Div3/KJCAK vs. WRO2"]
[Site "Sunningdale ENG"]
[Date "2008.10.18"]
[Round "1.3"]
[White "Bayliss, Lyall C P"]
[Black "Lewyk, Ihor"]
[Result "0-1"]
[WhiteElo "1965"]
[BlackElo "2138"]
[PlyCount "108"]
[EventDate "2008.10.18"]
[SourceDate "2008.10.04"]

1. e4 d5 2. exd5 Qxd5 3. Nc3 Qa5 4. d4 c6 5. Nf3 Nf6 6. Bc4 Bf5 7. Ne5 e6 8. g4
Be4 9. Rg1 Bb4 10. Bd2 Bxc3 11. Bxc3 Qc7 12. Qe2 Bd5 13. Bd3 Nbd7 14. Bb4 c5
15. Nxd7 Nxd7 16. dxc5 Nxc5 17. Bb5+ Nd7 18. O-O-O O-O-O 19. Rg3 Nb8 20. Ra3
Bc6 21. Ba5 Rxd1+ 22. Kxd1 Qxh2 23. Rc3 Qh1+ 24. Kd2 Qd5+ 25. Kc1 Qxa2 26. b4
Qd5 27. Bc4 Qg5+ 28. Kb1 b6 29. b5 bxa5 30. bxc6 Kc7 31. Qf3 f6 32. Bxe6 Re8
33. Bf5 Re1+ 34. Ka2 Qd2 35. Rb3 Nxc6 36. Be4 Nb4+ 37. Kb2 Qd4+ 38. Qc3+ Qxc3+
39. Rxc3+ Kd6 40. Bxh7 Re2 41. f3 Re5 42. Kb3 Nd5 43. Rd3 Kc7 44. c3 Kc6 45.
Be4 Kc5 46. Ka4 Nb6+ 47. Kb3 a4+ 48. Kb2 Nc4+ 49. Ka2 Nd6 50. Bh7 Re2+ 51. Ka1
Nb5 52. Bg8 Rc2 53. c4 Nc3 54. Rd7 Ra2# 0-1

[Event "4NCL/Div3/KJCAK vs. WRO2"]
[Site "Sunningdale ENG"]
[Date "2008.10.18"]
[Round "1.4"]
[White "Faulkes, Nick"]
[Black "Lunn, Matt"]
[Result "1-0"]
[WhiteElo "2100"]
[BlackElo "1874"]
[PlyCount "49"]
[EventDate "2008.10.18"]
[SourceDate "2008.10.04"]

1. e4 c6 2. d4 d5 3. f3 e6 4. Be3 dxe4 5. Nd2 exf3 6. Ngxf3 Nf6 7. Bd3 Nbd7 8.
O-O Be7 9. Qe1 Nd5 10. Ne4 Nxe3 11. Qxe3 Qb6 12. c3 Nf6 13. Ne5 Nxe4 14. Bxe4
f6 15. Qg3 g5 16. Nc4 Qd8 17. Rad1 Bd7 18. Qh3 b5 19. Qh5+ Kf8 20. Ne5 Be8 21.
Qh6+ Kg8 22. Ng4 f5 23. Qxe6+ Kg7 24. Rxf5 h5 25. Rdf1 1-0

[Event "4NCL/Div3/KJCAK vs. WRO2"]
[Site "Sunningdale ENG"]
[Date "2008.10.18"]
[Round "1.5"]
[White "Maguire, Robert"]
[Black "Archer, Richard"]
[Result "1/2-1/2"]
[WhiteElo "1710"]
[BlackElo "2120"]
[PlyCount "41"]
[EventDate "2008.10.18"]
[SourceDate "2008.10.04"]

1. e4 c5 2. Nf3 d6 3. d4 cxd4 4. Nxd4 Nf6 5. Nc3 Nc6 6. Bg5 e6 7. Qd2 Be7 8.
O-O-O a6 9. f4 Qc7 10. g3 Bd7 11. Bg2 h6 12. Bxf6 gxf6 13. f5 O-O-O 14. Bh3
Nxd4 15. Qxd4 Qc5 16. Qxc5+ dxc5 17. Rd2 h5 18. Rhd1 h4 19. fxe6 Bxe6 20. Nd5
Rde8 21. Bxe6+ 1/2-1/2

[Event "4NCL/Div3/KJCAK vs. WRO2"]
[Site "Sunningdale ENG"]
[Date "2008.10.18"]
[Round "1.6"]
[White "Jones, Rupert W"]
[Black "Gahir, Jasdeep"]
[Result "1/2-1/2"]
[WhiteElo "1966"]
[BlackElo "1785"]
[PlyCount "57"]
[EventDate "2008.10.18"]
[SourceDate "2008.10.04"]

1. e4 c5 2. Nf3 d6 3. Bc4 Nc6 4. O-O g6 5. d3 Bg7 6. Nc3 Nf6 7. Bg5 O-O 8. b3
Rb8 9. Qd2 Re8 10. a4 a6 11. Rab1 Bd7 12. Nd5 Nxd5 13. exd5 Na5 14. b4 Nxc4 {=}
15. dxc4 Bxa4 16. bxc5 Qc8 17. Rb4 Bd7 18. cxd6 exd6 19. Bf4 Qc5 20. Rfb1 b5
21. cxb5 Bc3 22. Bxd6 Bxd2 23. Bxc5 Bxb4 24. Rxb4 Rxb5 25. Rxb5 Bxb5 26. Bb4 f6
27. c3 Ra8 28. Nd4 Bd7 29. Ba5 1/2-1/2

[Event "4NCL/Div3/AMCAH vs. SCS"]
[Site "Sunningdale ENG"]
[Date "2008.10.18"]
[Round "1.1"]
[White "Lyne, Colin J"]
[Black "Haydon, David"]
[Result "0-1"]
[WhiteElo "1965"]
[BlackElo "2148"]
[PlyCount "70"]
[EventDate "2008.10.18"]
[SourceDate "2008.10.04"]

1. e4 c5 2. Nf3 d6 3. d4 cxd4 4. Nxd4 Nf6 5. Nc3 g6 6. Be3 Bg7 7. f3 Nc6 8. Qd2
O-O 9. Bc4 Bd7 10. h4 Rc8 11. Bb3 Ne5 12. O-O-O h5 13. Bh6 a6 14. g4 Nc4 15.
Bxc4 Rxc4 16. Bxg7 Kxg7 17. gxh5 Nxh5 18. Rdg1 e5 19. Nde2 Qf6 20. Rf1 Rfc8 21.
Kb1 Be6 22. Rf2 b5 23. a3 R8c6 24. Rhh2 a5 25. Nxb5 Rxc2 26. Qxa5 Qf4 27. Qe1
Qe3 28. Nbc3 Bb3 29. Rh1 Nf4 30. Nd5 Qd3 31. Ka1 Nxd5 32. exd5 Rxb2 33. Nd4
Rxf2 34. Qxf2 Ra6 35. Kb2 exd4 0-1

[Event "4NCL/Div3/AMCAH vs. SCS"]
[Site "Sunningdale ENG"]
[Date "2008.10.18"]
[Round "1.2"]
[White "Heard, Andrew H"]
[Black "Davda, Rahil"]
[Result "1/2-1/2"]
[WhiteElo "1975"]
[BlackElo "1821"]
[PlyCount "48"]
[EventDate "2008.10.18"]
[SourceDate "2008.10.04"]

1. e4 c5 2. Nf3 Nc6 3. c3 d5 4. exd5 Qxd5 5. d4 Nf6 6. Be2 e6 7. O-O Be7 8. c4
Qd7 9. dxc5 Bxc5 10. Nc3 h6 11. a3 O-O 12. b4 Be7 13. Qxd7 Nxd7 14. Bb2 f5 15.
Rfd1 Bf6 16. Rd6 Nde5 17. Rad1 Nxf3+ 18. Bxf3 Ne5 19. Be2 Nf7 20. R6d2 Bg5 21.
Rc2 e5 22. Nb5 f4 23. f3 Bf5 24. Rcd2 Bf6 1/2-1/2